الإحصائيات لـ إختبر معلوماتك الرياضية

أنقر هنا لكي تخضع للإختبار!

الإحصائيات العامة

  • هذا الإختبار تم الخضوع له 281 مره
  • الدرجة المتوسطة هي 16 من 55

إحصائيات الإجابة

HintAnswer% صحيح
ارتديتُ الأرقام 7 و 17 و 28 و 9 في مسيرتي، لعبتُ في إنجلترا وإسبانيا وإيطاليا والبرتغال، من أكون؟كريستيانو رونالدو
77%
ما هو المنتخب الذي لعب له دييجو كوستا قبل اللعب بقميص إسبانيا؟البرازيل
65%
أكثر نادي تحقيقاً لدوري أبطال أوروبا؟ريال مدريد
63%
من هو الحارس الوحيد الذي فاز بالكرة الذهبية؟ليف ياشين
61%
ساعد رونالدو البرتغال في الفوز ببطولة اليورو في أي عام؟2016
61%
كم مرة حصل ليونيل ميسي على جائزة الكرة الذهبية؟6
59%
برصيد 365 هدف، من هو الهداف التاريخي للدوري الألماني؟جيرد مولر
58%
من صاحب أغلى صفقة إنتقال في التاريخ؟نيمار
57%
من صاحب أسرع هاتريك في الدوري الإنجليزي الممتاز؟ساديو ماني
55%
في أي بطولة كأس عالم سجل فيها دييغو مارادونا هدفه الشهير "باليد"؟1986
54%
أي ناد فاز بأكبر عدد من ألقاب الدوري الإيطالي؟يوفنتوس
53%
ما هي أول دولة أفريقية تستضيف نهائيات كأس العالم ؟جنوب أفريقيا
51%
كم هدفاً سجل ميسي في موسم 2012 في جميع المسابقات؟91
48%
لأي فريق برازيلي لعب له بيليه معظم مسيرته المهنية؟سانتوس
46%
كم نادياً لعب له نيكولا أنيلكا؟12
45%
بـ16 هدف ، من هو الهداف التاريخي لكأس العالم؟ميروسلاف كلوزه
44%
من هو المنتخب الذي فاز بأول كأس عالم في عام ١٩٣٠؟الأوروغواي
44%
البلد الذي فاز بكأس الأمم الآسيوية للمرة الأولى في عام 2007؟العراق
37%
أي بلد شارك في ثلاث نهائيات لكأس العالم ، لكنه لم يفز أبداً بالبطولة؟هولندا
37%
ثلاثة مدربين فازوا بدوري أبطال أوروبا ثلاث مرات. بوب بيزلي و وزين الدين زيدان، من الثالث؟كارلو انشيلوتي
34%
من هو اللاعب الوحيد الذي فاز بدوري أبطال أوروبا مع ثلاثة أندية مختلفة؟سيدورف
34%
كم عدد الأندية التي شاركت في الموسم الافتتاحي للدوري الممتاز؟22
33%
من فاز بالحذاء الذهبي في كأس العالم 2018؟هاري كين
32%
أي نادي في الدوري الأمريكي يملكه دافيد بيكهام؟إنتر ميامي
32%
من الذي سجل هدف البرازيل الوحيد في هزيمتها 7-1 أمام ألمانيا في كأس العالم 2014؟أوسكار
31%
من هو اللاعب الهولندي الذي حصل على لقب "لاعب القرن الأوروبي" عام 1999؟يوهان كرويف
31%
من أكثر حارس مرمى حافظ على شباكه نظيفة في تاريخ الدوري الأنجليزي الممتاز؟بيتر تشيك
29%
من كان أول لاعب غير أوروبي يفوز بالكرة الذهبية؟جورج ويا
29%
في عام 1958 قتل تحطم طائرة ثمانية لاعبين كبار لنادي كرة قدم إنجليزي. أي نادي؟مانشستر يونايتد
27%
متى فاز ليفربول بالدوري آخر مرة؟1990
24%
في أي موسم تم تغيير إسم كأس أوروبا ليصبح دوري أبطال أوروبا؟1992-1993
24%
من كان الفريق الوصيف في كوبا أمريكا 2016؟الأرجنتين
23%
من فاز بكأس الأمم الأفريقية 2015؟ساحل العاج
22%
كنتُ أول لاعب من ليفربول يفوز بالكرة الذهبية، وسجلت 40 هدفاً لمنتخب بلادي ولعبت في إنجلترا وإسبانيا، من أكون؟مايكل أوين
21%
من أكثر لاعب مشاركة في تاريخ دوري أبطال أوروبا؟إيكر كاسياس
19%
من كان آخر نادٍ فرنسي يلعب في نهائي دوري أبطال أوروبا؟موناكو
16%
بعد يوفنتوس، ميلان وإنتر، أي فريق فاز بأكثر ألقاب الدوري الإيطالي؟جنوى
15%
----قام يورجن كلوب بتدريب ناديين في ألمانيا، بوروسيا دورتموند وماينز
13%
من هو أكثر لاعب سجل في نسخة واحدة من كأس أمم أوروبا؟ميشيل بلاتيني
13%
فاز فريق من رومانيا بدوري أبطال أوروبا مرة واحدة فقط. هل يمكنك تسميته؟ستيوا بوخارست
12%
فريق وصل 3 مرات لنهائي الأبطال دون تحقيق اللقب؟أتلتيكو مدريد
11%
من سجل الهدف الذهبي لفرنسا في إيطاليا في يورو 2000؟دافيد تريزيجيه
10%
من هو أكثر لاعب شارك مع منتخب ألمانيا عبر التاريخ؟لوثار ماتيوس
8%
أكثر لاعب تحقيقاً للقب الدوري الإسباني؟خينتو
8%
ما هو أكبر عدد من الأهداف التي سجلها نادي برشلونة في موسم واحد في الدوري؟116
8%
من هو هداف إنجلترا في كأس أمم أوروبا؟ألان شيرار
6%
ما هو الحيوان المتواجد على شعار كولن؟الجدي
5%
من هو أغلى صفقة في تاريخ نادي مانشستر سيتي؟رودري
3%
أي لاعب فاز بلقب أفضل لاعب في تشيلسي للعامين 2012 و 2013؟خوان ماتا
3%
من أنهى موسم 2014/15 في الدوري الفرنسي كأفضل هداف؟لاكازيت
3%
من هم اللاعبين الثلاثة الذين تشاركوا في الحذاء الذهبي في الدوري الإنجليزي الممتاز في ٢٠١٨-٢٠١٩؟أوباميانج صلاح ماني
1%
دييغو فورلان وقع مع أي نادي ياباني في 2014؟أوساكا
1%
من هو النادي الذي لعب له رياض محرز قبل التوقيع مع ليستر سيتي؟لي هافر
0%
من هو مدرب توتنهام السابق الذي تنافس في رالي داكار؟فيلاز بواس
0%
إرتدى ميسي الرقم ٣٠ في بداية مسيرته مع برشلونة وهو الآن رقم ١٠. ما هو الرقم الآخر الذي ارتداه للنادي؟19
0%

توزيع النقاط

النسبة وفقا للأرقام

نسبة الأشخاص لكل درجة

سجل النقاط الخاصة بك

لم تضخع لهذا الإختبار